000 00493nam a2200157 a 4500
001 000025582
005 20200930023907.0
008 110218s1990 dr a 000 0 spa d
040 _aDO-SdBNP
_bspa
_cBNPHU
082 _axxx
_bC965o
100 1 _aCuevas Rosario, Ángel Manuel
_952261
245 1 0 _aOrdenación sacerdotal /
_cÁngel Manuel Cuevas Rosario.
260 _aMoca, República Dominicana :
_bParroquia Sagrado Corazón de Jesús,
_c1990.
300 _a30 p. ;
_c23 cm.
049 _aBNPD
999 _c25074
_d25074